| 000 | 00901nam a2200205 a 4500 | ||
|---|---|---|---|
| 008 | 060626s2004 ||||||||||||||||| || u | ||
| 020 | _a9211614694 | ||
| 050 | _aUN-ESA(08)SSF | ||
| 110 | _aUnited Nations Economic and Social Affairs (UNESA) | ||
| 245 | 1 | 0 |
_aNational accounts: a practical introduction _cby United Nations Economic and Social Affairs (UN-ESA) |
| 260 |
_aNew York: _bUnited Nations Economic and Social Affairs _c2004 |
||
| 300 | _avii; 139p. : ill. | ||
| 350 | _a0.00 | ||
| 490 | _astudies in methods | ||
| 500 | _astudies in methods.handbook of national accounting, series f, no. 85 | ||
| 650 | 0 | _aECONOMICS--STATISTICAL METHODS | |
| 650 | _aTEXTBOOKS | ||
| 650 | _aNATIONAL INCOME--ACCOUNTING | ||
| 995 |
_D0.00 _FCBU-MAIN LIBRARY (Kitwe) _H1 _I0.00 _M1 _UAVAILABLE _WJun 26, 2006 _ZInternational Publications |
||
| 999 |
_c51883 _d51883 |
||